The Inheritence Cycle Characters Quiz Stats

 Plays Quiz not verified by Sporcle

Score 0/65 Timer 10:00
0 Plays Today
Hint Character % Correct
The VardenAngela
92.9%
Characters from Du WeldenvardenArya
92.9%
Riders/DragonsBrom
92.4%
Riders/DragonsEragon
90.9%
The VardenAjihad
90.4%
Riders/DragonsGalbatorix
89.9%
The VardenNasuada
87.9%
Riders/DragonsThorn
87.4%
Riders/DragonsMurtagh
86.9%
The VardenKing Orrin
85.9%
The VardenElva
85.4%
The VardenJeod Longshanks
84.8%
Characters from the Beor MountainsOrik
84.8%
Riders/DragonsSaphira
83.3%
Characters from CarvahallRoran
80.8%
Characters from Du WeldenvardenQueen Islanzadí
79.3%
Characters from the Beor MountainsKing Hrothgar
78.3%
OtherDurza
76.8%
Riders/DragonsShruikan
75.3%
The VardenTrianna
74.2%
OtherThe Razac
74.2%
Characters from CarvahallKatrina
72.7%
Characters from CarvahallSloan
70.7%
Characters from CarvahallHorst
70.7%
The VardenCarn
67.7%
Riders/DragonsMorzan
67.7%
Characters from Du WeldenvardenRhunon
66.7%
The VardenJormundur
60.1%
Characters from Du WeldenvardenMaud
59.1%
Characters from CarvahallGarrow
58.6%
Characters from CarvahallElain
58.6%
Characters from CarvahallSelena
57.6%
OtherHelen
57.1%
Hint Character % Correct
Characters from CarvahallGertrude
56.1%
Characters from Du WeldenvardenVanir
55.6%
The VardenMartland Redbeard
54%
Characters from CarvahallBaldor
54%
Characters from Du WeldenvardenFaolin
51%
Characters from Du WeldenvardenBlödhgarm
50.5%
Characters from CarvahallQuimby
46%
Characters from Du WeldenvardenBlagden
44.4%
Characters from CarvahallBirgit
43.4%
Characters from CarvahallAlbriech
41.4%
Characters from CarvahallMorn
38.9%
Characters from Du WeldenvardenGlenwing
31.8%
OtherTenga
27.3%
Characters from the Beor MountainsGannel
26.3%
OtherFarica
26.3%
Characters from CarvahallTara
25.8%
OtherGarzhvog
25.8%
Characters from CarvahallByrd
25.3%
Characters from CarvahallNolfavrell
24.7%
OtherJarsha
21.7%
Characters from the Beor MountainsVermund
21.2%
The VardenEdric
20.7%
OtherClovis
17.7%
OtherSolumbum
15.7%
Characters from CarvahallDelwin
14.6%
OtherFadawar
13.6%
Characters from CarvahallFisk
12.6%
Characters from CarvahallLoring
12.1%
Characters from CarvahallMandel
10.1%
Characters from CarvahallElmund
8.6%
Characters from CarvahallParr
8.6%
OtherDempton
1.5%

You're not logged in!

Compare scores with friends on all Sporcle quizzes.
OR
Log In

Show Comments

Extras

Top Quizzes Today


Score Distribution

Your Account Isn't Verified!

In order to create a playlist on Sporcle, you need to verify the email address you used during registration. Go to your Sporcle Settings to finish the process.

Report this User

Report this user for behavior that violates our Community Guidelines.

Details: